| 000 | 00573nam a2200181Ia 4500 | ||
|---|---|---|---|
| 008 | 151018s9999 xx 000 0 und d | ||
| 082 |
_bRBASDV28661 _a891.463 |
||
| 100 | _aव पु बांदोडकर | ||
| 245 | _aनि:पात | ||
| 250 | _b1 | ||
| 260 |
_bबांदोडकर पब्लिशिंग कंपनी मुंबई _c1997 |
||
| 300 | _a174 | ||
| 600 | _aव पु बांदोडकर | ||
| 630 | _aनि:पात | ||
| 700 | _aव पु बांदोडकर | ||
| 730 | _aनि:पात | ||
| 942 | _cBOOK | ||
| 999 |
_c1028232 _d1028229 |
||